Numerical methods for evolutionary differential equations / (Record no. 16387)
[ view plain ]
| 000 -LEADER | |
|---|---|
| fixed length control field | 01613cam a22002654a 4500 |
| 001 - CONTROL NUMBER | |
| control field | 15179939 |
| 005 - DATE AND TIME OF LATEST TRANSACTION | |
| control field | 20110328082528.0 |
| 008 - FIXED-LENGTH DATA ELEMENTS--GENERAL INFORMATION | |
| fixed length control field | 080213s2008 paua |rb 001 0 eng |
| 020 ## - INTERNATIONAL STANDARD BOOK NUMBER | |
| International Standard Book Number | 9780878916528 |
| 040 ## - CATALOGING SOURCE | |
| Original cataloging agency | DLC |
| Transcribing agency | DLC |
| Modifying agency | DLC |
| 082 00 - DEWEY DECIMAL CLASSIFICATION NUMBER | |
| Classification number | 003.5 |
| Edition number | 22 |
| Item number | ASC |
| 100 1# - MAIN ENTRY--PERSONAL NAME | |
| Personal name | Ascher, U. M. |
| Fuller form of name | (Uri M.), |
| Dates associated with a name | 1946- |
| 9 (RLIN) | 28613 |
| 245 10 - TITLE STATEMENT | |
| Title | Numerical methods for evolutionary differential equations / |
| Statement of responsibility, etc | Uri M. Ascher. |
| 260 ## - PUBLICATION, DISTRIBUTION, ETC. (IMPRINT) | |
| Place of publication, distribution, etc | Philadelphia : |
| Name of publisher, distributor, etc | Society for Industrial and Applied Mathematics, |
| Date of publication, distribution, etc | 2008. |
| 300 ## - PHYSICAL DESCRIPTION | |
| Extent | xiii, 395 p. : |
| Other physical details | ill.(some col.) ; |
| Dimensions | 26 cm. |
| 490 0# - Series Statement | |
| Series statement | Computational science and engineering ; |
| Volume/sequential designation | 5 |
| -- | 28614 |
| 504 ## - BIBLIOGRAPHY, ETC. NOTE | |
| Bibliography, etc | Includes bibliographical references (p. 375-386) and index. |
| 505 0# - FORMATTED CONTENTS NOTE | |
| Formatted contents note | Introduction -- Methods and concepts for ODEs -- Finite difference and finite volume methods -- Stability for constant coefficient problems -- Variable coefficient and nonlinear problems -- Hamiltonian systems and long time integration -- Dispersion and dissipation -- More on handling boundary conditions -- Several space variables and splitting methods -- Discontinuities and almost discontinuities -- Additional topic. |
| 650 #0 - SUBJECT ADDED ENTRY--TOPICAL TERM | |
| Topical term or geographic name as entry element | Evolution equations |
| General subdivision | Numerical solutions. |
| 9 (RLIN) | 28615 |
| 653 ## - INDEX TERM--UNCONTROLLED | |
| Resource For college | |
| Arrived date list | February2012 |
| 856 41 - ELECTRONIC LOCATION AND ACCESS | |
| Materials specified | Table of contents only |
| Uniform Resource Identifier | <a href="http://www.loc.gov/catdir/toc/ecip0811/2008006667.html">http://www.loc.gov/catdir/toc/ecip0811/2008006667.html</a> |
| 942 ## - ADDED ENTRY ELEMENTS (KOHA) | |
| Source of classification or shelving scheme | Dewey Decimal Classification |
| Item type | Book - Borrowing |
| Withdrawn status | Item status | Source of classification or shelving scheme | Damaged status | Not for loan | Vendor | Home library | Current library | Shelving location | Date acquired | Source of acquisition | Cost, normal purchase price | Serial Enumeration / chronology | Total Checkouts | Full call number | Barcode | Date last seen | Date last borrowed | Koha item type |
|---|---|---|---|---|---|---|---|---|---|---|---|---|---|---|---|---|---|---|
| Dewey Decimal Classification | Osiris | Central Library | Central Library | Lower Floor | 05/02/2012 | 586.00 | 11640 | 1 | 003.5 ASC | 000025989 | 15/07/2025 | 07/05/2013 | Book - Borrowing |